LEADER 01141nam a2200265 i 4500 001 000000233354 003 CaOOAMICUS 005 20140918000000.0 008 140918s1996 it u000 u ita u 013 $a212257 020 $a88-10-50126-8 040 $aSeMil$bita 100 1 $aCadei, Battista.$0(OLS)http://semarc/name/80048 245 10$aTestimone di Geova mio fratello :$bconfronti biblici alla ricerca della volontą di Dio /$cBattista Cadei. 260 $aBologna :$bEDB,$c1996. 300 $a350 p. ;$c22 cm. 490 0 $aRicerche pastorali. Nuova serie 650 4$aTestimoni di Geova.$0(OLS)http://semarc/subject/8655 830 0$aRicerche pastorali. Nuova serie.$0(OLS)http://semarc/title/30487 850 $aSeMil 852 $aSeMil$W1$xVenegono$y1$m2R II 278$j183700$B183700$CSeMilBibl$Z2$F195562 $81 961 $aLascito: Serenthą don Mario 996 $6020$a88-10-50126-8$9(OLS)http://semarc/number/237295 996 $6245$aTestimone di Geova mio fratello :$bconfronti biblici alla ricerca della volontą di Dio$9(OLS)http://semarc/title/332985 996 $6260$aBologna :$bEDB$9(OLS)http://semarc/publisher/29669 LEADER 00586nab a2200145 i 4500 001 000000310623 003 CaOOAMICUS 005 20180831173017.0 008 180831n xx uu u0 0und r 013 $a19715 040 $aSeMil$bita 100 1 $aCappellazzi, Andrea,$c.$0(OLS)http://semarc/name/5926 245 13$aLa questione operaia. Brevi lezioni sull?Enciclica «Rerum Novarum» diLeone XIII. 773 0 $t[Gennaio-Giugno].$g66-78$w()274030 996 $6245$aLa questione operaia. Brevi lezioni sull?Enciclica «Rerum Novarum» diLeone XIII$9(OLS)http://semarc/title/385318